LEADER 03259nam 2200685Ia 450 001 9910462289503321 005 20200520144314.0 010 $a1-4529-4899-2 010 $a0-8166-8180-5 035 $a(CKB)2670000000269582 035 $a(EBL)1047466 035 $a(OCoLC)818115431 035 $a(SSID)ssj0000755134 035 $a(PQKBManifestationID)11496240 035 $a(PQKBTitleCode)TC0000755134 035 $a(PQKBWorkID)10729969 035 $a(PQKB)11468827 035 $a(StDuBDS)EDZ0001177708 035 $a(MiAaPQ)EBC1047466 035 $a(OCoLC)815383334 035 $a(MdBmJHUP)muse29992 035 $a(Au-PeEL)EBL1047466 035 $a(CaPaEBR)ebr10613543 035 $a(CaONFJC)MIL525650 035 $a(EXLCZ)992670000000269582 100 $a20120503e20121981 ub 0 101 0 $aeng 135 $aur|n|---||||| 181 $ctxt 182 $cc 183 $acr 200 10$aBeginning to see the light$b[electronic resource] $esex, hope, and rock-and-roll /$fEllen Willis 205 $a[2nd ed.]. 210 $aMinneapolis $cUniversity of Minnesota Press$d2012 215 $a1 online resource (361 p.) 300 $aOriginally published: New York : Knopf, 1981. 311 $a0-8166-8078-7 327 $aCover; Contents; Acknowledgments; Introduction; Introduction to the Second Edition; I: OUT OF THE VINYL DEEPS; Dylan; You Can't Go Down Home Again; The Who Sell; Elvis in Las Vegas; Cultural Revolution Saved from Drowning; See America First: Easy Rider and Alice's Restaurant; Jani's Joplin; Hard to Swallow: Deep Throat; It's Later Than You Think; Tom Wolfe's Failed Optimism; Beginning to See the Light; How's the Family?; Jackie, We Hardly Knew You; Classical and Baroque Sex in Everyday Life; Velvet Underground; II: AMERICAN GIRLS WANT EVERYTHING; Learning from Chicago 327 $aHerbert Marcuse, 1898-1979Glossary for the Eighties; The Family: Love It or Leave It; Postscript: The Backlash According to Irving; Toward a National Man Policy; The Trial of Arline Hunt; Abortion: Is a Woman a Person?; Abortion: Overruling the Neo-Fascists; Feminism, Moralism, and Pornography; The Myth of the Powerful Jew; My Podhoretz Problem-and His; III: NEXT YEAR IN JERUSALEM; Next Year in Jerusalem 330 $aFrom the New Yorker's inimitable first pop music critic comes this pioneering collection of essays by a conscientious writer whose political realm is both radical and rational, and whose prime preoccupations are with rock 'n' roll, sexuality, and above all, freedom. Here Ellen Willis assuredly captures the thrill of music, the disdain of authoritarian culture, and the rebellious spirit of the '60s and '70s. 606 $aAmerican essays$y20th century 606 $aFeminism 606 $aSubculture 606 $aRadicalism 606 $aRock music 608 $aElectronic books. 615 0$aAmerican essays 615 0$aFeminism. 615 0$aSubculture. 615 0$aRadicalism. 615 0$aRock music. 676 $a081 700 $aWillis$b Ellen$0961079 801 0$bMiAaPQ 801 1$bMiAaPQ 801 2$bMiAaPQ 906 $aBOOK 912 $a9910462289503321 996 $aBeginning to see the light$92484964 997 $aUNINA LEADER 02689oam 2200757 a 450 001 9910701325403321 005 20200218150736.0 035 $a(CKB)5470000002417816 035 $a(OCoLC)774015772 035 $a(EXLCZ)995470000002417816 100 $a20120127g20112019 ua 0 101 0 $aeng 135 $aurmn||||||||| 181 $ctxt$2rdacontent 182 $cc$2rdamedia 183 $acr$2rdacarrier 200 00$aPacific Northwest National Laboratory investigation of stress corrosion cracking in nickel-base alloys /$fprepared by S.M. Bruemmer [and others] 210 $aWashington, D.C. $cU.S. Nuclear Regulatory Commission, Office of Nuclear Regulatory Research.$d[2011-2019] 215 $a1 online resource (4 volumes) $ccolor illustrations 300 $a"NUREG/CR-7103." 300 $a"PNNL-16613"--V. 1. 300 $aVols. 2 and 4 lacks PNNL designation. 300 $a"PNNL-24647"--V. 3. 300 $a"Date published: September 2011"--V. 1. 300 $a"Date published: April 2012"--V. 2. 300 $a"Date published: July 2016"--V. 3. 300 $a"Manuscript completed: December 2017; Date published: April 2019"--V. 4. 300 $aTitle from title screen (viewed on Jan. 25, 2012). 320 $aIncludes bibliographical references. 517 1 $aStress corrosion cracking of cold worked alloy 690 517 1 $aBehavior of alloy 52 and 152 welds 606 $aStainless steel$xStress corrosion 606 $aNuclear power plants$xMaterials$xTesting 606 $aNickel alloys 606 $aNickel alloys$2fast 606 $aNuclear power plants$xMaterials$xTesting$2fast 606 $aStainless steel$xStress corrosion$2fast 615 0$aStainless steel$xStress corrosion. 615 0$aNuclear power plants$xMaterials$xTesting. 615 0$aNickel alloys. 615 7$aNickel alloys. 615 7$aNuclear power plants$xMaterials$xTesting. 615 7$aStainless steel$xStress corrosion. 701 $aBruemmer$b S. M$01252569 712 02$aU.S. Nuclear Regulatory Commission.$bOffice of Nuclear Regulatory Research. 712 02$aPacific Northwest National Laboratory (U.S.) 801 0$bGPO 801 1$bGPO 801 2$bGPO 801 2$bTXI 801 2$bOCLCQ 801 2$bGPO 801 2$bOCLCF 801 2$bOCLCQ 801 2$bGPO 801 2$bOCL 801 2$bOCLCQ 801 2$bAZP 801 2$bOCLCQ 801 2$bHCO 801 2$bOCLCA 801 2$bGPO 906 $aBOOK 912 $a9910701325403321 996 $aPacific Northwest National Laboratory investigation of stress corrosion cracking in nickel-base alloys$93543965 997 $aUNINA